|
|
|
|
| LEADER |
00000nbm0a2200000 4500 |
| 001 |
358105 |
| 005 |
20231102011047.0 |
| 035 |
|
|
|a (RuTPU)RU\TPU\retro\15373
|
| 090 |
|
|
|a 358105
|
| 100 |
|
|
|a 20200812j1941 k y0rusy50 ca
|
| 101 |
0 |
|
|a rus
|
| 102 |
|
|
|a RU
|
| 105 |
|
|
|a a m 001zy
|
| 200 |
1 |
|
|a Исследование системы разработки мощных крутопадающих пластов в Кузбассе горизонтальными слоями
|e диссертационная работа на соискание ученой степени кандидата технических наук
|f Т. Ф. Горбачев
|
| 210 |
|
|
|a Новосибирск
|c [Б. и.]
|d 1941
|
| 215 |
|
|
|a 58, [20] с.
|c ил.
|
| 300 |
|
|
|a Машинопись
|
| 320 |
|
|
|a Библиогр.: с. 54
|
| 606 |
1 |
|
|a Пласты
|x Мощность
|x Определение
|2 stltpush
|3 (RuTPU)RU\TPU\subj\49190
|9 68000
|
| 610 |
1 |
|
|a рудники
|
| 610 |
1 |
|
|a угледобыча
|
| 610 |
1 |
|
|a Кузбасс
|
| 610 |
1 |
|
|a системы
|
| 610 |
1 |
|
|a разработки
|
| 610 |
1 |
|
|a мощные пласты
|
| 610 |
1 |
|
|a горизонтальные слои
|
| 610 |
1 |
|
|a закладки
|
| 610 |
1 |
|
|a обрушение
|
| 610 |
1 |
|
|a падение
|
| 610 |
1 |
|
|a крепления
|
| 610 |
1 |
|
|a щиты
|
| 610 |
1 |
|
|a коллекция ТПУ
|
| 610 |
1 |
|
|a диссертации
|
| 675 |
|
|
|a 622.14(04)
|v 4
|
| 700 |
|
1 |
|a Горбачев
|b Т. Ф.
|c горный инженер, ректор Кемеровского горного института (1950-1954)
|c выпускник ГФ Сибирского технологического института 1928 г.
|c член-корреспондент АН СССР, Герой Социалистического Труда
|f 1900-1973
|g Тимофей Федорович
|2 stltpush
|3 (RuTPU)RU\TPU\pers\29201
|
| 801 |
|
1 |
|a RU
|b 63413507
|c 20200812
|
| 942 |
|
|
|c BK
|